Estatísticas para Países Insulares no Oceano Pacífico

Clique aqui para jogar o quiz

Estatísticas Gerais

  • Esse quiz foi jogado 3 954 vezes
  • A pontuação média é 15 de 19

Estatísticas das Respostas

km2País% Correto
270.467Nova Zelândia
93%
1.904.569Indonésia
92%
18.272Fiji
86%
181Ilhas Marshall
86%
26Tuvalu
86%
702E. F. da Micronésia
85%
377.930Japão
85%
462.840Papua Nova Guiné
85%
342.353Filipinas
83%
28.896Ilhas Salomão
83%
12.189Vanuatu
83%
21Nauru
81%
459Palau
81%
2.842Samoa
81%
811Kiribati
80%
747Tonga
79%
36.193Taiwan
72%
710Singapura
64%
5.765Brunei
61%

Distribuição das Pontuações

Percentil de Números Respondidos

Porcentagem de Pessoas com Cada Pontuação

Sua Pontuação Histórica

Você não jogou esse quiz